000 00511nam a2200229Ia 4500
003 IT-RoPAU
008 120407s9999 xx 000 0 und d
040 _aIT-RoPAU
040 _cIT-RoPAU
041 _aita
100 _aNazareno Fabbretti
245 _aI Vescovi di Roma. Breve storia dei Papi.
250 _aCinisello Balsamo
260 _aEdizioni Paoline
260 _c1986
300 _a372 p.
300 _c24 cm
490 _aStoria facile
490 _v12
942 _cBK
999 _c33587
_d33587